000 00414nam a22001457a 4500
003 OSt
005 20201112091452.0
008 201112b 1987 dr a 00| 0 eng d
040 _aDO-SdBNP
_bspa
_cBNPHU
245 0 0 _aCatálogo de libros dominicanos.
_bLibrería la Trinitaria.
260 _aSanto Domingo :
_bTaller,
_c1987.
300 _a68 p. :
_bil. ;
_c23 cm.
590 _aInventariado, 2020 /LP
942 _2ddc
_cLBS1
999 _c49125
_d49125